[Event "3rd Gujarat GM Open 2022"]
[Site "Ahmedabad"]
[Date "2022.04.05"]
[Round "8.11"]
[White "Mehar, Chinna Reddy C.H."]
[Black "Vrashank Chouhan"]
[Result "1-0"]
[WhiteElo "2422"]
[BlackElo "1790"]
[Annotator "TA"]
[PlyCount "51"]
[EventDate "2022.03.31"]
[EventType "swiss"]
[EventCountry "IND"]
[SourceTitle "playchess.com"]
[Source "ChessBase"]
[SourceQuality "1"]

{[%evp 9,51,13,16,8,5,-22,-26,-33,-18,-11,34,31,72,61,56,54,138,102,125,119,160,119,157,125,133,147,177,128,222,118,116,104,121,75,408,369,543,542,1100,1069,1910,1472,29981,5489]} 1. Nf3 d5 2. e3 Nf6 3. c4 c6 4. Nc3 e6 5. Qc2 Nbd7 6. b3 {A11: English Opening: 1...c6.} Bd6 7. Rg1 e5 8. cxd5 {Black has an edge.} Nxd5 9. Ne4 Be7 10. g4 O-O 11. Bb2 {[#]} Nb4 $146 ({Predecessor:} 11... a5 12. a3 Re8 13. Bd3 Bf8 14. h4 g6 15. h5 Bg7 16. hxg6 hxg6 17. g5 Nf8 {½-½ (55) Iturrizaga Bonelli,E (2629)-Nyzhnyk,I (2665) chess24.com INT 2020}) 12. Qb1 f5 (12... f6 $14) 13. gxf5 Rxf5 14. Rg3 Qf8 15. Be2 {&Bianco is more active.} g6 16. a3 Nd5 17. Qc2 a5 18. h4 (18. d4 $18) 18... Qh6 {[#]} (18... Rh5 $16) 19. Bd3 ({Only move:} 19. O-O-O $1 $18) 19... Bxh4 $16 20. Nxh4 Qxh4 {[#]} 21. O-O-O ({White should try} 21. Rg2 $1) 21... Rf8 $2 {[%mdl 8192] A mistake that costs the game.} (21... Rxf2 $16 22. Rdg1 Rh2) 22. Rdg1 $18 Qe7 (22... a4 {might work better.} 23. b4 (23. bxa4 Rf7 $18) 23... Qe7) 23. Ng5 {[%cal Od3g6] Hoping for Bxg6!} N7f6 {[#]} 24. Nxh7 $1 {[%mdl 512]} Nxh7 (24... Ng4 25. Nxf8) 25. Rxg6+ Kh8 26. Rh6 {Weighted Error Value: White=0.21 (precise) /Black=0.92} 1-0

[Event "3rd Gujarat GM Open 2022"]
[Site "Ahmedabad"]
[Date "2022.04.05"]
[Round "8.12"]
[White "Savchenko, Boris"]
[Black "Manish Anto Cristiano F"]
[Result "1-0"]
[WhiteElo "2535"]
[BlackElo "2236"]
[Annotator "TA"]
[PlyCount "89"]
[EventDate "2022.03.31"]
[EventType "swiss"]
[EventCountry "IND"]
[SourceTitle "playchess.com"]
[Source "ChessBase"]
[SourceQuality "1"]

{[%evp 24,89,37,35,43,-65,-22,-57,0,0,0,0,0,0,0,0,17,-55,38,37,50,39,39,43,36,21,54,29,100,102,95,33,33,34,42,30,35,36,40,51,36,52,526,554,518,540,737,986,969,968,1029,968,2700,2839,12837,12832,12836,1718,12841,12841,12842,12843,12845,12846,12846,12847,12847,12847]} 1. e4 c5 2. Nf3 d6 3. d4 cxd4 4. Nxd4 Nf6 5. Nc3 a6 6. Bg5 e6 7. f4 Be7 8. Qf3 Qc7 9. O-O-O Nbd7 10. g4 {[%cal Bg2g4,Bg4g5][%mdl 32]} b5 {[%cal Bb7b5,Bb5b4][%mdl 32]} 11. Bxf6 Nxf6 12. g5 Nd7 13. f5 {[%cal Bf4f5,Bf5f6][%mdl 32]} O-O {[#] B99: Sicilian Najdorf: 6 Bg5 e6 7 f4 Be7 8 Qf3 Qc7 9 0-0-0 Nbd7.} 14. Qg2 $146 (14. f6 gxf6 15. gxf6 Nxf6 $17) (14. Rg1 $14) ({Predecessor:} 14. Rg1 b4 15. Nce2 e5 16. f6 exd4 17. fxe7 Re8 18. Nxd4 Ne5 19. Qb3 Qc5 20. Rg2 g6 21. Qd5 Qxd5 22. exd5 {½-½ (34) Maghsoodloo,P (2695)-Delgado Ramirez,N (2588) Sharjah 2021}) 14... b4 $1 $15 15. Nce2 e5 {Inhibits Nf4.} (15... Kh8 $1 $15 16. fxe6 Nc5 17. exf7 Bb7) 16. f6 $1 $11 exd4 17. fxe7 Re8 18. Nxd4 g6 $1 {Against Nf5} 19. Qd2 $36 {[%mdl 2048] White fights for an advantage.} Rb8 20. h4 (20. Nb3 $11) 20... Rxe7 (20... Nc5 $1 $15) 21. h5 $14 Bb7 22. hxg6 fxg6 23. Qxb4 {Black must now prevent Bc4+.} Ne5 {Against Bc4+} 24. Qa3 Bxe4 25. Rh3 Qc5 (25... Ree8 $11) 26. Bxa6 $16 {[%cal Bf1a6,Ba6c8,Bc8e6][%mdl 32]} Ra7 27. Rc3 ({White should try} 27. Qxc5 $16 dxc5 28. Ra3 $1) 27... Qxa3 $1 $14 (27... Qb6 $2 28. Rb3 $1 Qc7 29. Rd2 $18) 28. Rxa3 {[%cal Oa6c4] Strongly threatening Bc4+!} Rba8 {[#]} 29. Bc8 {And now Be6+ would win.} Rxa3 30. Be6+ Kg7 31. bxa3 Rxa3 32. Bb3 {aiming for Ne6+.} ({Don't play} 32. Nb5 Rg3 $15) 32... Ra6 $2 {[%mdl 8192] This costs Black the game.} (32... h5 $14) 33. Ne6+ $18 {White is clearly winning.} Kh8 {[#]} 34. Nc5 $1 {[%mdl 512]} Bxc2 {[%cal Oa6a2]} (34... Nd3+ 35. cxd3) 35. Nxa6 Bxd1 36. Kxd1 h6 37. gxh6 {Nb4 is the strong threat.} Kh7 38. Nb4 Nd7 39. a4 {[%cal Ba2a4,Ba4a5][%mdl 32]} Nc5 {[#]} 40. a5 $1 Kxh6 (40... Ne4 41. a6) 41. Bc4 g5 42. Nd3 Na4 43. Kc2 g4 44. Kb3 g3 45. Bd5 {Weighted Error Value: White=0.15 (very precise) /Black=0.50} 1-0

[Event "3rd Gujarat GM Open 2022"]
[Site "Ahmedabad"]
[Date "2022.04.05"]
[Round "8.13"]
[White "Fawzy, Adham"]
[Black "Arpita, Mukherjee"]
[Result "0-1"]
[WhiteElo "2476"]
[BlackElo "2260"]
[Annotator "TA"]
[PlyCount "104"]
[EventDate "2022.03.31"]
[EventType "swiss"]
[EventCountry "IND"]
[SourceTitle "playchess.com"]
[Source "ChessBase"]
[SourceQuality "1"]

{[%evp 16,104,6,8,15,0,7,14,14,0,26,6,42,0,0,3,24,21,12,0,25,25,17,21,10,18,22,-7,-25,-31,-23,-33,0,-25,-45,-25,-25,-56,-61,-77,-83,-83,-89,-98,-86,-183,-206,-205,-213,-185,-197,-180,-197,-248,-96,-106,-36,-20,0,0,-3,-3,0,0,0,0,0,0,0,-19,-19,-33,-50,-40,0,-8,-8,-16,0,0,0,0,0,-1803,-1814,-29983,-29981,-29986,-29987,-29993,-29994]} 1. e4 c5 2. Nf3 d6 3. d4 cxd4 4. Nxd4 Nf6 5. Nc3 a6 6. Bg5 e6 7. f4 h6 8. Bh4 Qb6 9. a3 Be7 {[%cal Of6e4] B96: Sicilian Najdorf: 6 Bg5 e6 7 f4, lines other than 7...Qb6 and 7...Be7.} (9... Qxb2 $2 10. Na4 Qxa1 11. Qxa1 $18) 10. Bf2 {[%cal Od4e6] Nxe6! is the strong threat.} Qc7 $1 (10... Qxb2 $2 11. Na4 Qxa1 12. Qxa1 $18) 11. Qf3 Nbd7 {[%cal Bb8d7,Bd7c5,Bc5e4][%mdl 32] The position is equal.} 12. O-O-O b5 13. g4 Bb7 (13... g5 $5 {[%cal Rg5f4]}) 14. h4 {is recently more successful than 14.Bg2.} Nc5 {[%cal Rc5e4]} 15. Bd3 d5 {[%cal Rd5e4]} 16. e5 Nfe4 17. Bxe4 Nxe4 18. Rh3 Rc8 {[#]} 19. Qe2 $146 ({Predecessor:} 19. Be1 Qb6 20. Qe2 Rc4 21. Rhd3 Nc5 22. Rf3 Ne4 23. Qe3 b4 24. axb4 Bxb4 25. Nxe4 dxe4 {0-1 (50) Giri,A (2764)-Abdusattorov,N (2627) Chess.com INT 2020}) 19... Qc4 20. Nxe4 dxe4 21. Rc3 Qxe2 22. Nxe2 Rxc3 23. Nxc3 Rf8 24. f5 h5 25. g5 {Strongly threatening f6.} exf5 {Threatens to win with ...f4.} 26. Be3 f6 27. gxf6 gxf6 28. e6 Rg8 29. Ne2 Bc8 $1 30. Nd4 (30. Nf4 $17) 30... Bc5 $1 $19 {[%cal Oc8e6]} 31. Nxf5 Bxe3+ ({And not} 31... Bxe6 32. Bxc5 Bxf5 33. Rf1 $11) 32. Nxe3 Bxe6 {[%mdl 4096] Endgame KRB-KRN} 33. Rf1 {[#]} Rf8 34. Rf2 (34. Nf5 $142) 34... Bg4 $2 (34... f5 $19 {is more deadly. Hoping for ...Ke7.} 35. Ng2 Ke7) 35. Nd5 $17 {[#]} f5 (35... Bf3 $1 $17 {White must now prevent ...Kf7.} 36. Kd2 Kf7) 36. Kd2 $15 Kf7 37. Ke3 Rd8 38. Rd2 Rd7 39. b3 a5 40. c3 Rd8 41. Rd4 Rd7 42. c4 bxc4 43. bxc4 Rb7 44. Kf4 Rb2 (44... Rb3 $5 {[%cal Rb3f3]} 45. Ne3 Rd3 46. Rxd3 exd3 $17) 45. Ke5 Rb3 {aiming for ...e3.} 46. Nf6 e3 47. Rd7+ $1 Kg6 48. Rd6 e2 49. Nxg4+ $2 {[%mdl 8192]} (49. Nd5+ $11 Kg7 50. Rd7+ Kg8 51. Nf6+ Kf8 52. Nh7+ Kg8 53. Nf6+ Kf8 54. Nh7+ Kg8 55. Nf6+) 49... Kg7 $19 50. Rd7+ Kf8 {Black mates.} 51. Nf6 e1=Q+ 52. Kxf5 Rf3+ {Weighted Error Value: White=0.31/Black=0.09 (flawless)} 0-1

[Event "3rd Gujarat GM Open 2022"]
[Site "Ahmedabad"]
[Date "2022.04.05"]
[Round "8.14"]
[White "Huerga Leache, Mikel"]
[Black "Jain Kashish Manoj"]
[Result "0-1"]
[WhiteElo "2470"]
[BlackElo "2162"]
[Annotator "TA"]
[PlyCount "116"]
[EventDate "2022.03.31"]
[EventType "swiss"]
[EventCountry "IND"]
[SourceTitle "playchess.com"]
[Source "ChessBase"]
[SourceQuality "1"]

{[%evp 13,116,34,45,39,47,52,58,2,23,8,31,18,22,0,63,49,50,46,41,48,66,23,36,48,34,56,78,0,0,0,66,56,51,77,112,104,124,126,178,118,172,195,195,202,207,206,198,164,228,182,175,175,216,167,177,91,60,98,44,68,138,135,135,81,95,56,115,139,137,82,137,147,225,216,242,216,350,348,413,381,381,438,488,456,473,394,474,450,472,466,382,0,0,-29,-78,-32,2179,-29977,-29971,-29978,-29973,-29973,-12801,-5106,-5106]} 1. d4 Nf6 2. c4 g6 3. Nc3 Bg7 4. e4 d6 5. Bg5 O-O 6. Qd2 c5 7. d5 b5 8. cxb5 {E70: King's Indian: Miscellaneous lines with 4 e4, including 5 Nge2 and 5 Bd3 0-0 6 Nge2.} a6 9. a4 Qa5 10. Ra3 (10. f3 $14) 10... Qb4 $11 11. f3 axb5 12. Bxb5 Ba6 13. Bxa6 {[#]} Rxa6 $146 (13... Nxa6 $11 14. Nge2 Rfb8) ({Predecessor:} 13... Nxa6 14. Nge2 Rfb8 15. Nb5 h6 16. Bxf6 Bxf6 17. Nec3 c4 18. O-O Bg7 19. g3 Nc5 {½-½ (27) Diaz Hollemaert,N (2421)-Colombo,C (2056) Montevideo 2012}) 14. Nge2 $14 Nbd7 {[%cal Bb8d7,Bd7b6,Bb6c4,Bc4a5,Ba5b3][%mdl 32]} 15. O-O Rb8 16. Ra2 Nb6 17. Qd3 (17. b3 $5) 17... Rba8 18. Rfa1 Nc4 19. Qc2 h6 {[#]} 20. Bc1 ({Better is} 20. Bh4 $1 $16) 20... Na5 21. Ra3 {Against Nb3} c4 ({Black should play} 21... Rb8 $11) 22. Be3 Nd7 23. Rb1 Nc5 24. Nb5 {Bd2 is the strong threat.} Nab3 {Inhibits Bd2.} 25. Nc7 $1 $36 {[%csl LRa6,LRa8][%mdl 2048] White is in control.} Nxa4 (25... Nd3 $16) 26. Ra2 (26. Kh1 $18) 26... R6a7 27. Nxa8 $18 Rxa8 28. Nc3 Ra5 {[%cal Ra4c3]} 29. Nxa4 Rxa4 30. Ra3 g5 (30... Rxa3 {was necessary.} 31. bxa3 Qa4) 31. Kf1 Qb5 32. Kf2 Qb4 33. Re1 Nc5 34. Bxc5 (34. Rxa4 $6 Nxa4 35. Kf1 Nxb2 $14) (34. Kf1 $18 {Threatens to win with Bxc5.} Rxa3 35. bxa3) 34... Qxc5+ $16 35. Kf1 Rxa3 36. bxa3 {[%cal Bb2a3,Ba3a4][%mdl 4128] Endgame KQR-KQB} c3 (36... h5 $1 $14) 37. a4 Qc4+ 38. Re2 (38. Kg1 $142) 38... Bd4 39. g3 h5 (39... Be3 $1 $14) 40. Kg2 Bb6 41. Qd1 (41. h4 $142) 41... Kg7 (41... Kf8 $142) 42. h4 {[%cal Bh2h4,Bh4h5][%mdl 32]} g4 (42... gxh4 $16 43. gxh4 Kf8) 43. fxg4 $18 hxg4 44. Qc2 f6 (44... Kh6 {keeps fighting.} 45. Re1 Qd4) 45. Re1 Qd4 46. Qe2 Kh7 47. h5 Qc5 48. Rc1 Qd4 49. Rh1 f5 50. Re1 Kh6 51. exf5 {Black must now prevent Qe6+.} Qxd5+ 52. Kh2 $2 ({Only move:} 52. Qe4 $18 Qxe4+ 53. Rxe4) 52... Qxf5 $11 53. Kg2 c2 {Dancing on a razor blade.} 54. Qd2+ (54. Qxe7 $2 Qd5+ 55. Kh2 Qxh5+ 56. Qh4 Qxh4+ 57. gxh4 {[#]} Be3 $1 $19 {[%mdl 512]}) 54... Kxh5 $2 {[%mdl 8192]} (54... Kg7 $15 55. h6+ (55. Rxe7+ $2 Kg8 $19) 55... Kg8) 55. Rxe7 $4 {[%mdl 8192]} (55. Rh1+ $18 Kg6 56. Qh6+ Kf7 57. Rf1 Qxf1+ 58. Kxf1) 55... Qf3+ 56. Kh2 Qf2+ 57. Qxf2 Bxf2 58. Kg2 {[#]} c1=Q $1 {Weighted Error Value: White=0.37/Black=0.26 (precise)} 0-1

[Event "3rd Gujarat GM Open 2022"]
[Site "Ahmedabad"]
[Date "2022.04.05"]
[Round "8.15"]
[White "Sammed Jaykumar, Shete"]
[Black "De Silva, L M S T"]
[Result "1-0"]
[WhiteElo "2408"]
[BlackElo "2220"]
[Annotator "TA"]
[PlyCount "123"]
[EventDate "2022.03.31"]
[EventType "swiss"]
[EventCountry "IND"]
[SourceTitle "playchess.com"]
[Source "ChessBase"]
[SourceQuality "1"]

{[%evp 9,123,7,20,14,12,13,22,27,12,16,5,6,23,0,18,18,85,58,75,40,35,27,78,-89,-81,-115,-76,-66,-72,-65,-75,-153,-164,-239,-269,-259,-272,-268,-223,-220,-119,-120,-121,-122,-54,-204,-57,-45,-22,-35,0,0,15,26,25,18,57,16,53,62,53,22,22,27,19,22,25,23,17,11,66,60,60,52,60,62,62,70,151,140,241,234,265,225,212,154,156,155,138,131,126,142,136,159,172,148,520,381,356,292,340,332,357,356,345,331,1078,1060,1001,797,892,416,12797,8627,29990,29991]} 1. d4 Nf6 2. c4 e6 3. Nf3 d5 4. Nc3 Bb4 5. Qa4+ Nc6 6. Qc2 {D38: Queen's Gambit Declined: Ragozin Defence (4 Nf3 Bb4).} dxc4 7. e3 $1 O-O 8. Bxc4 {The position is equal.} Bd6 9. Bd2 a6 10. Ne4 Nb4 {was the old line (10...Nxe4).} 11. Qb1 {[#]} b5 $146 ({Predecessor:} 11... Nxe4 12. Qxe4 Bd7 13. O-O Bc6 14. Qg4 Nd5 15. Ne5 Nf6 16. Qe2 Bd5 17. Bd3 Be4 {½-½ (55) Le,Q (2717)-Gundavaa,B (2467) Qinhuangdao 2011}) 12. Nxd6 Qxd6 {[#]} (12... cxd6 $11 {remains equal.} 13. Be2 (13. Bxb4 bxc4 14. O-O Rb8 $11) 13... Nc6) 13. a3 $1 $16 Nc6 14. Bd3 Bb7 15. Qc2 Rfd8 (15... e5 $11) 16. O-O-O $2 (16. Ng5 $16 {and life is bright.}) 16... b4 $17 17. a4 Na5 {...Bd5 is the strong threat.} 18. e4 {Inhibits Bd5. Strongly threatening e5.} e5 {[%cal Oc7c5]} 19. Bg5 (19. Nxe5 Qxd4 20. Bf4 b3 $17) (19. dxe5 $2 Qxd3 20. Qxd3 Rxd3 $19) 19... c5 $1 (19... exd4 20. e5 b3 21. exd6 $11) 20. dxe5 ({White should play} 20. dxc5 Qxc5 21. Qxc5 Nb3+ 22. Kb1 Nxc5 23. Bc4) 20... Qe6 $1 21. exf6 (21. Bxf6 {was necessary.} gxf6 22. Kb1) 21... c4 $1 $19 22. Bxc4 Nxc4 23. Nd4 Qg4 {[%cal Ob7e4]} 24. h4 {[#]} Bxe4 25. Qe2 $17 (25. Qxc4 $2 Rdc8 26. b3 Rxc4+ 27. bxc4 Qc8 $19) 25... Qxe2 26. Nxe2 Na5 (26... Bxg2 $6 27. Rxd8+ Rxd8 28. Rg1 $11) (26... Rdc8 $17 {And now ...h6 would win.} 27. Rd4 Bxg2) 27. Rxd8+ $15 Rxd8 {[%cal Ra5b3]} 28. Rh3 {Inhibits Nb3+.} (28. b3 Rc8+ 29. Kd2 Nxb3+ 30. Ke3 Re8 $19) 28... Rc8+ {[%mdl 1024] Black has compensation.} (28... Bd3 $5 {[%cal Rd3e2]} 29. fxg7 Rd7 $11) 29. Kd1 Nc4 30. b3 Nb2+ 31. Ke1 h6 32. Be3 Rc2 33. f3 Bd5 34. Rg3 g6 35. Nd4 (35. Nc1 $5 {[%cal Re3h6]}) 35... Nd3+ 36. Kf1 Rb2 37. Bxh6 Bxb3 38. Nxb3 Rxb3 $11 {[%mdl 4096] Endgame KRB-KRN} 39. Rg4 {aiming for Rd4.} Nc5 (39... Kh7 $1 $11 40. Bd2 Rb2) 40. Rc4 $14 Ne6 41. Rc6 a5 42. Ra6 $1 Rb1+ 43. Kf2 Rb2+ ({Better is} 43... Ra1 $1 $14) 44. Kg3 $1 $16 Nd4 {[#]} (44... b3 $16 {is a better defense.} 45. Rxa5 Nd4) 45. Kh3 $1 $18 Kh7 46. Be3 Nf5 47. Bf4 {Threatens to win with Ra7.} Rb1 48. g4 (48. Rxa5 Rh1+ 49. Bh2 Ne3 $11) 48... Nd4 {[#]} 49. Ra7 $1 (49. Rxa5 $6 Rh1+ 50. Kg3 b3 $11) 49... Kg8 50. Be3 Ne6 51. Kg3 (51. Rxa5 $6 b3 52. Ra8+ Kh7 $11) 51... b3 {White must now prevent ...Re1.} 52. Rb7 ({Weaker is} 52. Rxa5 Re1 53. Rb5 (53. Ra8+ Kh7 $17) 53... Rxe3 54. Rb8+ Kh7 $17) ({But not} 52. Ra8+ Kh7 53. Rb8 b2 $16) 52... Re1 $2 {[%mdl 8192]} (52... b2 $16 {is a better chance.}) 53. Rxb3 Ra1 54. f4 Rxa4 55. Rb8+ Kh7 56. Rb7 Kg8 57. Rd7 {Hoping for f5.} Rb4 $2 (57... Ra3 $2 58. Kf3 Rc3 59. Ra7 $18) (57... Rc4 58. Rd5 a4) 58. f5 gxf5 59. gxf5 {[%cal Bg4f5,Bf5e6][%mdl 32]} Rb3 60. Kf2 (60. Kf3 $142 Nf8 61. Rd8) 60... Rb2+ (60... Nf8 $142 61. Rd8 Rb5) 61. Kf3 Rb3 62. fxe6 {Quite a comeback for White.  Weighted Error Value: White=0.23 (precise) /Black=0.38} 1-0

[Event "3rd Gujarat GM Open 2022"]
[Site "Ahmedabad"]
[Date "2022.04.05"]
[Round "8.16"]
[White "Jeet, Jain"]
[Black "Shahil Dey"]
[Result "0-1"]
[WhiteElo "2279"]
[BlackElo "2400"]
[Annotator "TA"]
[PlyCount "110"]
[EventDate "2022.03.31"]
[EventType "swiss"]
[EventCountry "IND"]
[SourceTitle "playchess.com"]
[Source "ChessBase"]
[SourceQuality "1"]

{[%evp 10,110,0,0,7,0,0,0,4,10,17,13,14,16,33,16,0,0,7,0,0,0,0,0,48,38,51,51,43,0,18,0,0,0,0,0,0,-68,0,0,23,18,25,22,23,0,171,174,148,40,181,0,0,0,0,0,0,0,15,27,23,18,23,-29,9,9,6,8,35,-221,-208,-208,-215,-317,-321,-362,-350,-346,-327,-554,-539,-521,-508,-627,-612,-644,-652,-610,-566,-2924,-2602,-2222,-2083,-2814,-2785,-29984,-29985,-29985,-29986,-29990,-29991,-29997,-29998]} 1. e4 c5 2. Nf3 d6 3. Bb5+ Nd7 4. c3 Ngf6 5. Qe2 a6 6. Ba4 g6 {B51: Sicilian: Moscow Variation (3 Bb5+) without 3...Bd7.} 7. O-O b5 8. Bc2 Bg7 {The position is equal.} 9. d4 cxd4 10. cxd4 Nb6 11. Nc3 {[#]} b4 $146 ({Predecessor:} 11... O-O 12. h3 Bb7 13. Bg5 h6 14. Bh4 b4 15. Nd1 Rc8 16. Bg3 Nh5 17. Bh2 e5 18. dxe5 dxe5 19. Nxe5 Qc7 20. Nxg6 Qxc2 21. Ne7+ Kh8 22. Qxh5 Qxe4 {0-1 (22) Pina Vega,S (2298)-Gomez Garrido,C (2504) Panama City 2013}) 12. Na4 O-O 13. Bg5 Bb7 14. Nxb6 Qxb6 15. Bd3 h6 16. Bd2 d5 (16... e6 $11) 17. e5 $14 Ne4 18. Be3 f5 19. Rfd1 g5 20. h3 a5 21. Rac1 Rac8 22. Bb5 f4 23. Rxc8 (23. Bd2 $11) 23... Rxc8 (23... Bxc8 $15 24. Bc1 g4 25. hxg4 Bxg4) 24. Bc1 $1 $11 Rf8 25. Bd3 Kh8 26. Bb1 a4 27. Nd2 {[%cal Rd2e4]} Nxd2 (27... Ba6 $11 {and Black is okay.} 28. Qe1 Nxd2 29. Qxd2 Bc8) 28. Bxd2 $18 Bc8 {[#]} 29. Qe1 (29. Qd3 Bf5 30. Qe2 Bxb1 31. Rxb1 Qxd4 $17) ({Only move:} 29. Qh5 $1 $16) 29... f3 ({Better is} 29... Qxd4 $14 30. Bc3 (30. Bxb4 Qxe5 31. Qxe5 Bxe5 $11) 30... Qa7 31. Bxb4 f3) 30. g4 $2 ({White has to play} 30. Bxb4 $18 fxg2 31. Bxe7) 30... Bxg4 $11 31. hxg4 {Hoping for Be3.} Qxd4 32. Kh1 $1 ({But not} 32. Bf5 $2 {[#]} Rxf5 $1 {[%mdl 512]} 33. Kh1 Rxe5 $19) 32... Qxg4 {[%csl Gf3][%cal Rg4g2]} 33. Qg1 {Inhibits Qg2+.} Qh3+ 34. Qh2 Qxh2+ 35. Kxh2 Bxe5+ 36. Kg1 ({White should play} 36. Kh3) 36... Rb8 37. b3 axb3 38. axb3 Kg7 {Threatens to win with ...e6.} 39. Rc1 $2 {[%mdl 8192]} (39. Bf5 $1 $14) 39... Kf6 40. Rc6+ e6 41. Bd3 (41. Be3 $142) 41... h5 $19 {[%cal Bh6h5,Bh5h4,Bh4h3][%mdl 32]} 42. Ba6 Bd4 43. Bc8 Rb6 44. Rc7 (44. Rxb6 Bxb6 45. Bxb4) 44... g4 {White must now prevent ...g3.} 45. Kf1 h4 46. Bd7 Ra6 47. Ba4 Ra7 48. Rc8 Kg7 {Prevents Rf8. Strongly threatening ...g3.} 49. Bxb4 h3 50. Bd6 e5 {( -> ...h2)} 51. Kg1 g3 52. Bxe5+ Bxe5 {Black mates.} 53. fxg3 Bxg3 54. Rc3 Re7 {[%cal Re7e1]} 55. Rc1 f2+ {Never resign too early!  Weighted Error Value: White=0.65/Black=0.17 (very precise)} 0-1

[Event "3rd Gujarat GM Open 2022"]
[Site "Ahmedabad"]
[Date "2022.04.05"]
[Round "8.17"]
[White "Priyanka, Kumari"]
[Black "Karthikeyan, P.."]
[Result "0-1"]
[WhiteElo "1910"]
[BlackElo "2396"]
[Annotator "TA"]
[PlyCount "56"]
[EventDate "2022.03.31"]
[EventType "swiss"]
[EventCountry "IND"]
[SourceTitle "playchess.com"]
[Source "ChessBase"]
[SourceQuality "1"]

{[%evp 10,56,28,0,16,16,25,0,0,0,0,0,16,-35,-21,-58,-42,-71,-59,-200,-185,-247,-225,-237,-234,-230,-219,-288,-292,-514,-513,-516,-504,-542,-540,-536,-535,-1068,-1046,-1006,-959,-1227,-1193,-1114,-1080,-29987,-29988,-29989,-977]} 1. e4 c6 2. Nf3 d5 3. Nc3 Bg4 4. h3 Bxf3 5. Qxf3 e6 6. Be2 Bc5 {B11: Caro-Kann: Two Knights Variation.} 7. O-O Ne7 8. Rd1 d4 {[#] The position is equal.} 9. Na4 $146 ({Predecessor:} 9. Nb1 O-O 10. d3 Bd6 11. g3 c5 12. a4 Nbc6 13. Qg2 a6 14. f4 b5 15. e5 {0-1 (39) Bacrot,E (2708)-Mamedyarov,S (2800) Paris 2017}) 9... Bd6 10. b3 O-O 11. g3 (11. c3 $11) 11... Nd7 $15 {With the idea ...f5.} 12. Qg2 f5 $1 13. c3 f4 {White must now prevent ...b5. &Nero is more active.} 14. Bg4 {This costs White the game.} ({Better is} 14. cxd4 $15 fxg3 15. fxg3) 14... b5 $19 15. Nb2 {[#]} ({Much worse is} 15. Bxe6+ Kh8 16. cxd4 bxa4 $17) (15. cxd4 {was necessary.} bxa4 16. Bxe6+ Kh8 17. Bb2) 15... fxg3 $1 16. fxg3 {[#]} Ne5 $1 ({Inferior is} 16... e5 17. Kh1 $11) 17. Bxe6+ Kh8 {Threatens to win with ...Bc5.} 18. Rf1 Bc5 19. Kh1 $2 (19. Kh2 Rxf1 20. Qxf1) 19... Rxf1+ 20. Qxf1 Qd6 21. b4 Bb6 ({Not} 21... Qxe6 22. bxc5 Nd7 23. Qg2 dxc3 24. dxc3 $17) 22. Bb3 N7g6 23. d3 Rf8 24. Bf4 dxc3 25. Nd1 Nxf4 26. gxf4 Nxd3 27. f5 Qd4 28. Qg2 c2 {Weighted Error Value: White=0.89/Black=0.02 (flawless)} (28... Nf4 $142 29. Qg3 Qxe4+ 30. Kh2 Rd8 31. Bd5 Rxd5 32. Nf2 Bxf2 33. Qxf2 Rd2 34. Rf1 Qe3 35. Kg1 Nxh3+ 36. Kg2 Nxf2 37. Kh2 Qh3+ 38. Kg1 Qh1#) 0-1